Phương pháp bố trí thí nghiệm và xử lý số liệu thực nghiệm
Trình bày các vấn đề về thống kê thực nghiệm, suy diễn thống kê, phân tích các số liệu thí nghiệm,...
Saved in:
| Main Author: | |
|---|---|
| Format: | Book |
| Language: | Undetermined |
| Published: |
Thành phố Hồ Chí Minh
Trường Đại học Nông lâm
1996
|
| Subjects: | |
| Tags: |
Add Tag
No Tags, Be the first to tag this record!
|
| Institutions: | Trung tâm Học liệu Trường Đại học Cần Thơ |
|---|
| LEADER | 00916nam a2200217Ia 4500 | ||
|---|---|---|---|
| 001 | CTU_148319 | ||
| 008 | 210402s9999 xx 000 0 und d | ||
| 082 | |a 519.2 | ||
| 082 | |b H305 | ||
| 100 | |a Phan, Hiếu Hiền | ||
| 245 | 0 | |a Phương pháp bố trí thí nghiệm và xử lý số liệu thực nghiệm | |
| 245 | 0 | |c Phan Hiếu Hiền | |
| 260 | |a Thành phố Hồ Chí Minh | ||
| 260 | |b Trường Đại học Nông lâm | ||
| 260 | |c 1996 | ||
| 520 | |a Trình bày các vấn đề về thống kê thực nghiệm, suy diễn thống kê, phân tích các số liệu thí nghiệm,... | ||
| 526 | |a Thâm cứu phép thí nghiệm chăn nuôi | ||
| 526 | |b NN629 | ||
| 650 | |a Probabilities,Statistical methods,Toán xác suất | ||
| 904 | |i Năm | ||
| 980 | |a Trung tâm Học liệu Trường Đại học Cần Thơ | ||